| 000 | 00389nam a2200133Ia 4500 | ||
|---|---|---|---|
| 008 | 211109s9999||||xx |||||||||||||| ||und|| | ||
| 082 |
_a494.812 _bMAR-M |
||
| 100 | _aMarar, Kuttikrishna | ||
| 245 | 0 | _aMalayala Saili | |
| 260 |
_bMarar Sahitya Prakasam _aKozhikode _c1996 |
||
| 630 | _xGeneral Stack | ||
| 650 |
_aLANGUAGE _vMALAYALAM LANGUAGELINGUISTICSMALAYALAM _xGeneralia |
||
| 942 | _cBOOK | ||
| 999 |
_c37386 _d37386 |
||